Curso de derecho administrativo : según sus principios generales y la legislación actual de España / por Vicente Santamaría de Paredes ; con un prólogo del Sr. Eduardo Pérez Pujol según sus principios generales y la legislación actual de España / por Vicente Santamaría de Paredes ; con un prólogo del Sr. Eduardo Pérez Pujol
Descripción Física:
856 p. ; 23 cm
Otros Autores:
Pérez Pujol, Eduardo, pr
MARC
| LEADER | 00000nam a2200000Ia 4500 | ||
|---|---|---|---|
| 001 | 19456 | ||
| 008 | 160829s1898 xx 000 0 cat d | ||
| 080 | |a D-2-214 | ||
| 100 | |a Santamaría de Paredes, Vicente |9 27119 | ||
| 245 | |a Curso de derecho administrativo : |b según sus principios generales y la legislación actual de España / por Vicente Santamaría de Paredes ; con un prólogo del Sr. Eduardo Pérez Pujol | ||
| 250 | |a 5a ed. | ||
| 260 | |a Madrid : |b Establecimiento Tipográfico de Ricardo Fé, |c 1898 | ||
| 300 | |a 856 p. ; |c 23 cm | ||
| 650 | |a Dret administratiu |x Legislació |x Espanya |x S. XIX |9 27120 | ||
| 700 | |a Pérez Pujol, Eduardo, pr. |9 27121 | ||
| 901 | |a Arxiu | ||
| 942 | |n 1 | ||
| 952 | |0 0 |1 0 |4 0 |6 D2214 |7 1 |9 44280 |a Arxiu |b Arxiu |d 2016-12-01 |l 0 |o D-2-214 |p 19456 |r 2016-12-01 00:00:00 |w 2016-12-01 |y ARXIU | ||
| 999 | |c 46860 |d 46860 | ||